Sponzoring, nebo "charita"?
Zodpovednosť voči spoločnosti, podpora verejne prospešných projektov a angažovanosť firiem v potrebných celospoločenských témach - súčasť vnímania a hodnotenia firiem. Podpora dobrej veci, podpora budovania firemnej reputácie a zlepšovania vzťahu k zamestnancom a partnerom. Cause related marketing....
Salvato in:
| Autore principale: | |
|---|---|
| Natura: | Capitolo di libro |
| Lingua: | ceco |
| Soggetti: | |
| Tags: |
Nessun Tag, puoi essere il primo ad aggiungerne!!
|
MARC
| LEADER | 00000naa$a2200000$$$4500 | ||
|---|---|---|---|
| 001 | 0073924 | ||
| 005 | 20231019093109.4 | ||
| 041 | 0 | |a cze | |
| 044 | |a CZ | ||
| 245 | 1 | 0 | |a Sponzoring, nebo "charita"? |c Pavlína Kalousová |
| 520 | |a Zodpovednosť voči spoločnosti, podpora verejne prospešných projektov a angažovanosť firiem v potrebných celospoločenských témach - súčasť vnímania a hodnotenia firiem. Podpora dobrej veci, podpora budovania firemnej reputácie a zlepšovania vzťahu k zamestnancom a partnerom. Cause related marketing. Spoločné fungovanie sponzoringu a charity - príklad na českej Kooperatíve. Pohľad spotrebiteľov na verejne prospešné projekty. Dôveryhodnosť a efektivita. | ||
| 610 | 2 | 0 | |a marketing |
| 610 | 2 | 0 | |a firmy |
| 610 | 2 | 0 | |a sponzorovanie |
| 610 | 2 | 0 | |a financovanie |
| 610 | 2 | 0 | |a zodpovednosť spoločenská |
| 100 | 1 | |a Kalousová, Pavlína | |